MONTESSORI (Registro nro. 6696)
[ vista simple ]
| 000 -LEADER | |
|---|---|
| fixed length control field | 00557nam a2200205 a 4500 |
| 001 - CONTROL NUMBER | |
| control field | 6696 |
| 005 - DATE AND TIME OF LATEST TRANSACTION | |
| control field | 20180713190554.0 |
| 008 - FIXED-LENGTH DATA ELEMENTS--GENERAL INFORMATION | |
| fixed length control field | 140415s1989 000 0 spa d |
| 020 ## - INTERNATIONAL STANDARD BOOK NUMBER | |
| International Standard Book Number | 9682428418 |
| 041 ## - LANGUAGE CODE | |
| Language code of text/sound track or separate title | spa |
| 082 ## - DEWEY DECIMAL CLASSIFICATION NUMBER | |
| Classification number | 370.092 |
| Item number | YAG |
| 100 1# - MAIN ENTRY--PERSONAL NAME | |
| Personal name | YAGLIS, DIMITRIOS |
| 245 10 - TITLE STATEMENT | |
| Title | MONTESSORI |
| 260 ## - PUBLICATION, DISTRIBUTION, ETC. | |
| Place of publication, distribution, etc. | [s.l.] : |
| Name of publisher, distributor, etc. | TRILLAS, |
| Date of publication, distribution, etc. | 1989 |
| 300 ## - PHYSICAL DESCRIPTION | |
| Extent | 118 |
| 490 ## - SERIES STATEMENT | |
| Series statement | BIBLIOTECA GRANDES EDUCADORES |
| Volume/sequential designation | 4 |
| 650 14 - SUBJECT ADDED ENTRY--TOPICAL TERM | |
| Topical term or geographic name entry element | EDUCACION |
| General subdivision | MONTESSORI, MARIA, 1870 |
| -- | 1952 |
| 700 1# - ADDED ENTRY--PERSONAL NAME | |
| Personal name | CEVALLOS, GUADALUPE |
| Relator term | tr. |
| 700 1# - ADDED ENTRY--PERSONAL NAME | |
| Personal name | AVANZINI, GUY |
| Relator term | pról. |
| Withdrawn status | Lost status | Source of classification or shelving scheme | Damaged status | Not for loan | Collection code | Home library | Current library | Shelving location | Date acquired | Source of acquisition | Inventory number | Total Checkouts | Total Renewals | Full call number | Barcode | Date last seen | Date last checked out | Price effective from | Koha item type |
|---|---|---|---|---|---|---|---|---|---|---|---|---|---|---|---|---|---|---|---|
| Dewey Decimal Classification | General | Biblioteca Karol Wojtyla | Biblioteca Karol Wojtyla | Sala general | 03/12/2013 | Compra | 151000000000000000044318 | 3 | 1 | 370.092 YAG | 54230 | 05/01/2026 | 28/01/2020 | 03/12/2013 | Libro | ||||
| Dewey Decimal Classification | General | Biblioteca Karol Wojtyla | Biblioteca Karol Wojtyla | Sala general | 03/12/2013 | Compra | 151000000000000000044317 | 1 | 1 | 370.092 YAG | 24870 | 05/01/2026 | 04/11/2023 | 03/12/2013 | Libro | ||||
| Dewey Decimal Classification | General | Biblioteca Karol Wojtyla | Biblioteca Karol Wojtyla | Sala general | 03/12/2013 | Compra | 151000000000000000044316 | 370.092 YAG | 19297 | 05/01/2026 | 03/12/2013 | Libro | |||||||
| Dewey Decimal Classification | General | Tehuacán | Tehuacán | Sala general | 07/01/2015 | Compra | 370.092 YAG | 509595 | 08/01/2025 | 17/03/2018 | 07/01/2015 | Libro |